000 00708nam a22001937a 4500
003 AM-YeHGA
005 20250617154211.0
008 180619s1947 ru ||||| |||| 00| 0russ d
040 _aAM-YeHGA
041 1 _arus
_hund
100 1 _aУметалиев, Темиркул Уметалиевич.
245 1 0 _aСердце киргиза :
_b[Стихи] : Пер. с кирг. /
_cГ. Уметалиев ; Под ред. Сергея Обрадовича
260 _aМосква :
_bСов. писатель,
_c1947.
300 _a88 с.;
_b
_c17 см
650 1 4 _aКиргизия (х. л.)
700 1 _aОбрадович, Сергей
_eред.
_4edt
942 _2udc
_cBK
090 _c409139
999 _c406875
_d406875